LEADER 01298nam0 22003371i 450 001 VAN00019561 005 20250307084507.528 010 $a88-221-1765-4 100 $a20040712d1996 |0itac50 ba 101 $aita 102 $aIT 105 $a|||| ||||| 181 $ai$b e 182 $an 200 1 $aˆLa ‰stupidità non è necessaria$eGregory Bateson, la natura e l'educazione$fRosalba Conserva$gprefazione di Giorgio$bi. e. Sergio] Manghi 210 $aScandicci$cLa nuova Italia$d1996 215 $aXXIX, 289 p.$d21 cm 606 $aApprendimento$xPsicologia educativa$3VANC009378$2FI 606 $aBateson, Gregory$3VANC009618$2FI 620 $dScandicci$3VANL000031 676 $a370.1523$v21 700 1$aConserva$bRosalba$3VANV015730$0142276 702 1$aManghi$bSergio$3VANV015731 712 $aLa nuova Italia $3VANV107993$4650 790 1$aManghi, Giorgio$zManghi, Sergio$3VANV050830 801 $aIT$bSOL$c20250314$gRICA 899 $aBIBLIOTECA DEL DIPARTIMENTO DI PSICOLOGIA$1IT-CE0119$2VAN16 912 $aVAN00019561 950 $aBIBLIOTECA DEL DIPARTIMENTO DI PSICOLOGIA$d16CONS 2612 $e16LET7288 20040712 996 $aStupidità non è necessaria$9508389 997 $aUNICAMPANIA LEADER 01875nam0 22004333i 450 001 VAN00190639 005 20250124102832.636 017 70$2N$a9783319606903 100 $a20210722d2017 |0itac50 ba 101 $aeng 102 $aCH 105 $a|||| ||||| 200 1 $aOn the Inside of a Marble$eFrom Quantum Mechanics to the Big Bang$fGavin Bascom 210 $aCham$cSpringer$d2017 215 $axi, 107 p.$cill.$d24 cm 410 1$1001VAN00132684$12001 $aAstronomers' Universe$1210 $aNew York [etc.]$cSpringer 500 1$3VAN00190646$aOn the Inside of a Marble$92044202 606 $a00A79 (77-XX)$xPhysics [MSC 2020]$3VANC023182$2MF 606 $a81V80$xQuantum optics [MSC 2020]$3VANC023592$2MF 606 $a85-XX$xAstronomy and Astrophysics [MSC 2020]$3VANC023246$2MF 606 $a85A40$xCosmology [MSC 2020]$3VANC023267$2MF 610 $aArrow of Time$9KW:K 610 $aBig Bang Effects$9KW:K 610 $aBig Bang and Orders of Magnitude$9KW:K 610 $aBig Bang and Quantum Mechanics$9KW:K 610 $aCosmological Observer Effects$9KW:K 610 $aQuantum mechanics$9KW:K 610 $aSimulation Theory and Quantum Mechanics$9KW:K 620 $aCH$dCham$3VANL001889 700 1$aBascom$bGavin$3VANV169380$0823559 712 $aSpringer $3VANV108073$4650 801 $aIT$bSOL$c20250613$gRICA 856 4 $uhttp://doi.org/10.1007/978-3-319-60690-3$zE-book ? Accesso al full-text attraverso riconoscimento IP di Ateneo, proxy e/o Shibboleth 899 $aBIBLIOTECA DEL DIPARTIMENTO DI MATEMATICA E FISICA$1IT-CE0120$2VAN08 912 $fN 912 $aVAN00190639 950 $aBIBLIOTECA DEL DIPARTIMENTO DI MATEMATICA E FISICA$d08DLOAD e-book 3206 $e08eMF3206 20210722 996 $aOn the Inside of a Marble$92044202 997 $aUNICAMPANIA